| 000 | 00824nas a2200265 4500 | ||
|---|---|---|---|
| 001 | BR0808332 | ||
| 003 | BR-BrBNA | ||
| 005 | 20231205112840.0 | ||
| 007 | ta | ||
| 008 | 230509b bl.|||p| |||| 00| 00por d | ||
| 040 |
_aBR-BrBNA _bpor _cBiblioteca Nacional de Agricultura |
||
| 041 | _a(Pt) | ||
| 072 | _aL70; L73 | ||
| 100 | 1 | _aAraújo, L.M. | |
| 245 | 1 | _aFisioterapia eqüina: termoterapia, modalidades de frio e de calor utilizadas no tratamento e na reabilitação de eqüinos | |
| 650 | _aCAVALO | ||
| 650 | _aVETERINÁRIA | ||
| 650 | _aDOENÇA ANIMAL | ||
| 650 | _aFISIOTERAPIA | ||
| 650 | _aTERMOTERAPIA | ||
| 650 | _aTRATAMENTO | ||
| 773 | 0 |
_tRevista Acadêmica (Brazil) _xISSN 0103-989X _g(Oct-Dec 2006), v. 4(4) p. 5764 _wBR0808332 |
|
| 909 |
_a202311 _bLúcia _c55 _dLúcia Elande |
||
| 942 |
_2AGRIS _n0 _cANA |
||
| 999 |
_c200364 _d200364 |
||